000 01641nam a22004337a 4500
001 000105469
003 CHAP
005 20220329143807.0
008 110825s2011 mx r 00010 spa d
010 _a101931
011 _a102903
035 _a113592
040 _cCHAP
090 _aTesis
100 1 _aAcevedo Rodriguez, Evaristo.
_9519
245 1 0 _aDiseño de rutas ecoturísticas para el Municipio de Acateno, Puebla
_h[En línea]
_c/por Evaristo Acevedo Rodríguez.
260 _aChapingo, Méx. :
_bEl autor,
_c2011.
500 _aPara ver el contenido del material haga clic en la liga
502 _aTesis (Ing. en Recursos Naturales Renovables) -- UACH. Departamento de Suelos
590 _aALEPH
_b10
_c20130110
_lUCH01
_h1541
590 _aBATCH-UPD
_b10
_c20130110
_lUCH01
_h0944
590 _aBATCH-UPD
_b10
_c20130410
_lUCH01
_h0559
590 _aBATCH-UPD
_b10
_c20130914
_lUCH01
_h1300
590 _aBATCH-UPD
_b10
_c20140324
_lUCH01
_h1527
590 _aBATCH-UPD
_b10
_c20141002
_lUCH01
_h0850
590 _aBATCH
_b00
_c20181121
_lUCH01
_h0758
590 _aCONVERSION
_b10
_c20130109
_lUCH01
_h1356
590 _aE11695DGD
_b10
_c20141006
_lUCH01
_h1116
650 1 4 _aEcoturismo.
_935298
650 1 4 _aRecursos naturales
_xConservación
_xPuebla.
_995249
650 1 4 _aZonificación ecológica.
_9124145
856 _2Finding aid
_uhttp://10.13.5.2/tesis/113592.pdf
_zTeclea aqui
856 _a1
_n0000022
901 _aBK
942 _cFOLL
942 _n0
949 _aTesis
_bBC
_cTES
_d33724002300959
_eTS2
_fc.2
_gDonaciØn
_h52613
_i113592
_st
949 _aTesis
_bBC
_cTES
_d33724002300991
_eTS1
_gDonaciØn
_h52612
_i113592
_st
999 _c101931
_d101931